000 00519nam a2200181Ia 4500
003 GCL
008 140319s9999 xx 000 0 eng d
020 _a1405144122
040 _aGCL /
_cGCL
082 0 4 _a302.2
_bN B
100 1 _aNEWSOM, DOUG
245 1 0 _aBRIDGING THE GAPS IN GLOBAL COMMUNICATION /
_cNEWSOM, DOUG
260 _aنيويورك :
_bBLACKWELL PUBLISHERS ،
_c2007
300 _a24 CM ؛
_c153 W
650 0 4 _aCOMMUNICATION IN MANAGEMENT
650 0 4 _aINTERCULTURAL COMMUNICATION
942 _2ddc
_cBK
999 _c9311
_d9311